Statistics for Wisconsin's 1st Congressional District Reps by Picture

Click here to take the quiz!

General Stats

  • This quiz has been taken 4 times
  • The average score is 18 of 23

Answer Stats

Answer% Correct
Charles G. Williams
100%
Gerald T. Flynn
100%
Lawrence H. Smith
100%
Mark Neumann
100%
Peter W. Barca
100%
Alexander Mitchell
75%
Bryan Steil
75%
Charles Durkee
75%
Clifford E. Randall
75%
Daniel Wells Jr.
75%
Halbert E. Paine
75%
Henry Allen Cooper
75%
Henry C. Schadeberg
75%
James S. Brown
75%
John F. Potter
75%
John Winans
75%
Lee Aspin
75%
Lucien B. Caswell
75%
Lynn E. Stalbaum
75%
Paul Ryan
75%
Stephen Bolles
75%
William Pitt Lynde
75%
Thomas Ryum Amile
50%

Score Distribution

Percentile by Number Answered

Percent of People with Each Score

Your Score History

You have not taken this quiz